[Event "20th Dubai Open 2018"]
[Site "Dubai"]
[Date "2018.04.09"]
[Round "8"]
[White "Adly, Ahmed"]
[Black "Can, Emre"]
[Result "1-0"]
[WhiteElo "2626"]
[BlackElo "2590"]
[Annotator "TA"]
[PlyCount "81"]
[EventDate "2018.??.??"]
[EventType "swiss"]
[EventCountry "UAE"]
[SourceTitle "playchess.com"]
[Source "ChessBase"]
[SourceQuality "1"]

{[%evp 20,81,4,-4,0,0,0,0,0,0,0,-39,-39,-31,-33,-77,-62,-65,-17,-16,-14,-13,-13,-6,-13,-14,-14,-25,-16,-27,0,0,0,0,0,0,0,2,27,34,27,26,58,30,100,103,134,129,266,269,247,200,218,220,202,189,260,226,361,355,433,473,29992,29993]} 1. d4 Nf6 2. Nf3 d5 3. g3 g6 4. Bg2 Bg7 5. c4 c6 6. O-O O-O 7. Nbd2 Bf5 8. b3 a5 9. Bb2 a4 {D78: Fianchetto Grünfeld: 6 0-0 c6} 10. Nh4 (10. e3 Nbd7 11. Qe2 Ne4 12. Nxe4 Bxe4 13. cxd5 cxd5 14. Qb5 Ra5 15. Qxb7 Nc5 16. Qb4 Nd3 17. Qd2 {0-1 (69) So,W (2810)-Ding,L (2777) Tbilisi 2017}) 10... Be6 11. Qc2 {LiveBook: 10 Games} a3 {The position is equal.} 12. Bc3 c5 13. Rad1 cxd4 14. Bxd4 {Hoping for cxd5.} Nc6 15. Bxf6 Bxf6 {[#]} 16. cxd5 $146 ({Predecessor:} 16. Ne4 dxe4 17. Rxd8 Rfxd8 18. Qxe4 {0-1 (29) Polugaevsky,L (2630)-Gelfand,B (2665) Reggio Emilia 1992}) 16... Bxd5 17. Ne4 Bxe4 $1 18. Bxe4 Qb6 19. Bxc6 {Strongly threatening Bf3.} Rfc8 20. Ng2 Rxc6 21. Qe4 Qa6 22. Rd2 Rac8 23. Rfd1 Re6 24. Qf3 Qc6 25. Nf4 Re5 26. Rd8+ Kg7 {White must now prevent ...Rxd8.} 27. Qxc6 Rxc6 28. Ra8 Re4 29. e3 ({But not} 29. Rxa3 e5 $15) 29... Bb2 30. h4 $36 {[%mdl 2048] White is more active.} h5 31. Kg2 Re5 (31... Rc2 $1 $11) 32. Rdd8 $1 $16 Rb5 33. Rg8+ $1 Kh7 {[#]} (33... Kh6 $16) 34. Nh3 $1 $18 f6 35. Nf4 {Threatens to win with Rge8.} f5 {[#]} 36. Rge8 $1 {[%cal Re8e7]} Bf6 37. Rxa3 Rc2 (37... e5 {was called for.}) 38. Raa8 {aiming for Rf8.} Re5 (38... e5 {keeps fighting.}) 39. Kf3 Rec5 40. Rf8 Kg7 (40... Kh6 $18 41. Ne6 g5 42. hxg5+ Bxg5 43. Nxc5 Rxc5 44. Rh8+ Kg7 45. Rhg8+ Kh6 46. Rh8+ Kg7 47. Rag8+ Kf6 48. Rxh5 Bxe3 49. fxe3 e6) 41. Ne6+ {Precision: White = 80%, Black = 37%.} 1-0

[Event "20th Dubai Open 2018"]
[Site "Dubai"]
[Date "2018.04.09"]
[Round "8"]
[White "Flores, Diego"]
[Black "Maghsoodloo, Parham"]
[Result "1-0"]
[WhiteElo "2601"]
[BlackElo "2615"]
[Annotator "TA"]
[PlyCount "79"]
[EventDate "2018.??.??"]
[EventType "swiss"]
[EventCountry "UAE"]
[SourceTitle "playchess.com"]
[Source "ChessBase"]
[SourceQuality "1"]

{[%evp 19,79,20,57,57,55,55,58,63,63,57,90,77,104,102,101,97,95,92,102,87,100,45,68,58,66,60,64,0,0,-14,0,0,0,-26,-13,-9,-8,-5,61,63,91,72,129,131,119,129,126,122,339,337,4902,4902,1737,1462,29988,29989,29989,29990,29990,5321,1371,608]} 1. c4 e5 2. g3 d6 3. Bg2 g6 4. Nc3 Bg7 5. e4 Nc6 6. Nge2 Nge7 7. d3 Be6 8. Nd5 {A26: English Opening vs King's Indian with ...Nc6 and d3} h6 9. Be3 Nd4 10. O-O O-O {LiveBook: 3 Games} 11. Nxd4 exd4 12. Bd2 c6 13. Nf4 Bd7 14. b4 Kh7 {[#]} 15. Qb3 $146 ({Find the theoretical novelty and annotate with similar games:} 15. a4 a6 {0-1 (41) Grischuk,A (2792)-Andriasian,Z (2611) Dubai 2014}) 15... b6 16. a4 a5 17. bxa5 bxa5 18. c5 dxc5 19. Qc2 g5 20. Ne2 (20. Nh5 $16) 20... Qb6 21. Rab1 Qa6 22. Qxc5 Qxd3 {White must now prevent ...Ng6.} 23. Qxe7 (23. Bxg5 $1 $14 hxg5 24. Qxe7) 23... Bg4 $11 24. Nxd4 (24. Bxg5 $5 Bxe2 25. Bf4 $15) 24... Qxd4 25. Be3 Qxa4 26. Rfc1 Qa2 27. e5 Rae8 28. Qa7 Rxe5 ({Black should play} 28... Bxe5 $11 29. Bxc6 Rc8) 29. Bd4 $1 $36 {[%mdl 2048] White is pushing.} Rfe8 30. Ra1 Qd2 ({Better is} 30... Qb3) 31. Bxe5 $16 Rxe5 32. Qxf7 Rf5 {[#]} 33. Qa2 $1 {[%cal Ra2d2]} (33. Be4 {is a self mate.} Qxf2+ 34. Kh1 Bf3+ 35. Bxf3 Qxf3+ 36. Kg1 Rxf7 37. Rd1 Bxa1 38. Rxa1 Qe3+ 39. Kh1 Rf2 40. h4 Qf3+ 41. Kg1 Qg2#) 33... Qd3 $2 (33... Rxf2 $16 {was necessary.} 34. Be4+ Kh8 35. Qxd2 Rxd2 36. Rxa5 Bd4+ 37. Kh1 Bd7) 34. Re1 $18 ({Less strong is} 34. Bxc6 Bd4 $14) ({Worse is} 34. Rxc6 Rxf2 35. Qxf2 Bd4 $17) 34... Re5 $2 (34... Qd7 35. Be4 Bxa1) 35. Rxe5 {Intending Be4+ and mate.} Bxe5 36. Re1 Qd6 37. Qf7+ Bg7 38. Be4+ Kh8 39. Bc2 (39. Bb1 $142 Be2 40. Qe8+ Bf8 41. Rxe2 Kg7 {[#]} 42. Rd2 $1 {[%mdl 512]} Qf6 43. Rd7+ Kg8 44. Ba2+ Kh8 45. Rf7) 39... Bd7 40. Re7 {Precision: White = 70%, Black = 26%.} (40. Re4 $142 c5 41. Bb3) 1-0

[Event "20th Dubai Open 2018"]
[Site "Dubai"]
[Date "2018.04.09"]
[Round "8"]
[White "Volkov, Sergey"]
[Black "Haria, Ravi"]
[Result "1-0"]
[WhiteElo "2598"]
[BlackElo "2441"]
[Annotator "TA"]
[PlyCount "123"]
[EventDate "2018.??.??"]
[EventType "swiss"]
[EventCountry "UAE"]
[SourceTitle "playchess.com"]
[Source "ChessBase"]
[SourceQuality "1"]

{[%evp 19,123,27,27,25,20,19,14,31,45,0,0,0,0,0,0,0,0,0,0,0,0,0,0,0,3,0,0,0,16,14,95,95,95,95,95,95,95,95,95,95,144,134,166,164,164,95,108,104,118,27,27,27,55,12,39,0,35,0,0,0,0,0,0,12,44,41,62,67,182,41,41,41,61,90,92,92,92,92,99,108,108,110,110,153,119,33,199,199,335,335,719,666,1216,12826,5800,2628,1725,1561,12836,12836,12838,12839,12843,12843,12844,12844]} 1. d4 e6 2. c4 d5 3. Nc3 Bb4 4. e3 Nf6 5. a3 Bxc3+ 6. bxc3 c6 {E40: Nimzo-Indian: Rubinstein (4 e3): Unusual Black 4th moves} (6... O-O 7. Bd3 c6 8. Ne2 b6 9. O-O Ba6 10. cxd5 cxd5 11. Bxa6 Nxa6 12. Qd3 Qc8 13. f3 Nb8 14. e4 Qa6 15. Qe3 Nc6 {1-0 (52) Radjabov,T (2741)-Movsesian,S (2671) Heraklio 2017}) 7. a4 O-O 8. Nf3 b6 9. cxd5 cxd5 10. Ba3 Re8 $1 {LiveBook: 7 Games} 11. Bb5 Bd7 12. Bd3 Nc6 13. O-O e5 {[#]} 14. Be2 $146 (14. dxe5 {is more complex.} Nxe5 15. Nxe5 Rxe5 16. a5 bxa5 17. Bc5) ({Predecessor:} 14. dxe5 Nxe5 15. Nxe5 Rxe5 {½-½ (51) Tan,Z (2517)-Zawadzka,J (2426) Khanty-Mansiysk 2017}) 14... Bg4 15. Nxe5 Nxe5 16. dxe5 Bxe2 17. Qxe2 Rxe5 18. c4 dxc4 19. Qxc4 Rc8 20. Qe2 Rd5 21. Rfd1 Qd7 22. Rxd5 Nxd5 23. Bb2 Nc3 24. Qc2 Qc6 (24... Nb5 $11 25. Qd1 Qxd1+ 26. Rxd1 Nc7) 25. f3 $1 $16 {Threatens to win with Rc1.} Qc5 26. Qd2 b5 27. Bxc3 Qxc3 28. Qxc3 Rxc3 29. axb5 {[%mdl 4096] Endgame Strongly threatening b6. KR-KR} h5 30. Rxa7 {aiming for Kf2.} Rb3 31. Ra8+ Kh7 32. Rf8 (32. Ra5 $18) 32... Kg6 33. Rb8 {Black must now prevent Kf2.} Rxe3 34. Rb6+ (34. b6 $16) 34... Kg5 $11 35. Rb7 Kf6 $1 36. Kf2 Rb3 37. Kg3 Rb2 38. h4 g6 39. b6 Rb4 40. Rb8 {Black should prevent b7.} Kf5 41. Kf2 Kf6 42. g3 Rb3 43. Ke2 Ke7 44. Rb7+ ({Only move:} 44. b7 $1 $18) 44... Ke6 $14 45. Kf2 Rb2+ 46. Ke3 Rb3+ 47. Ke4 Rb4+ {[#]} 48. Kd3 $1 Rb1 49. Kc4 Rc1+ 50. Kd4 {Hoping for Rc7.} Rd1+ 51. Ke4 Rb1 52. Kf4 ({White should play} 52. Rb8 $16) 52... Kf6 $2 (52... Rb5 $14) 53. Rb8 $18 Rb4+ (53... Rb3 {keeps fighting.} 54. b7 Rb4+ 55. Ke3 Ke7) 54. Ke3 Rb3+ $2 (54... Ke5 55. b7 Rb3+ 56. Ke2 Kf6) 55. Kd4 {White is clearly winning.} Rxf3 56. Re8 Rb3 57. Kc5 Kf5 {[#]} 58. Re7 $1 f6 59. b7 g5 60. Rd7 gxh4 61. gxh4 Rb1 62. Rd5+ {Precision: White = 59%, Black = 50%.} 1-0

[Event "20th Dubai Open 2018"]
[Site "Dubai"]
[Date "2018.04.09"]
[Round "8"]
[White "Pantsulaia, Levan"]
[Black "Drljevic, Ljilja"]
[Result "1-0"]
[WhiteElo "2592"]
[BlackElo "2224"]
[Annotator "TA"]
[PlyCount "71"]
[EventDate "2018.??.??"]
[EventType "swiss"]
[EventCountry "UAE"]
[SourceTitle "playchess.com"]
[Source "ChessBase"]
[SourceQuality "1"]

{[%evp 17,71,-26,-16,-33,18,8,42,29,72,64,67,75,72,65,72,58,136,145,202,206,198,184,193,187,272,193,325,226,322,322,325,308,315,313,314,310,311,296,315,315,318,318,368,356,362,326,351,322,695,687,900,879,893,884,881,863]} 1. c4 e5 2. Nc3 d6 3. Nf3 f5 4. g3 Nf6 5. Bg2 g6 6. O-O Bg7 7. d3 O-O 8. c5 Nc6 9. cxd6 cxd6 {LiveBook: 9 Games} 10. b4 {[%cal Bb2b4,Bb4b5][%mdl 32] A21: English Opening: 1...e5 2 Nc3} (10. Qb3+ Kh8 11. Bg5 h6 12. Bxf6 Qxf6 13. Qa3 Qd8 14. Rac1 f4 15. b4 g5 16. b5 Ne7 17. b6 Qxb6 {1-0 (41) Plaskett,H (2499)-McDonald,N (2389) Southend 2007}) 10... h6 (10... e4 $15 11. dxe4 fxe4) 11. b5 $11 Ne7 12. Qb3+ {White is slightly better.} Rf7 $146 ({Predecessor:} 12... Kh8 13. Ba3 f4 14. Rad1 Nf5 15. d4 e4 16. Ne5 Qe8 17. gxf4 dxe5 18. Bxf8 Qxf8 19. dxe5 {1-0 (33) Zlotnikov,M (2361)-Smith,B Mashantucket 1999}) 13. a4 Nd7 14. Ba3 Nc5 15. Bxc5 $1 dxc5 16. a5 Qd6 (16... a6 $14) 17. Nd2 $16 e4 (17... Rb8 $16) 18. Nc4 $18 Qd4 19. Rac1 Be6 {[#]} 20. Na4 $1 exd3 (20... Raf8 {might work better.}) 21. Qxd3 Nd5 (21... Raf8 $142) 22. Qxd4 Bxd4 (22... cxd4 $142 23. Nc5 Nc3 24. Rxc3 (24. Nxe6 Nxe2+ 25. Kh1 Nxc1 $16) 24... dxc3 25. Nxe6 Re8) 23. e3 Nc3 24. Nxc3 Bxc4 25. exd4 Bxf1 26. Kxf1 ({Weaker is} 26. Bxf1 cxd4 27. Nd5 Kh8 $16) 26... cxd4 27. Nd5 Rd8 28. Ke2 d3+ 29. Kd2 ({Don't play} 29. Kxd3 $6 f4 $18) 29... f4 30. gxf4 Kf8 31. Be4 Rfd7 32. Nc7 Rd6 $2 (32... Re7) 33. Bxb7 {White is clearly winning.} R8d7 {[#]} 34. b6 $1 axb6 35. a6 {[%cal Ba5a6,Ba6a7][%mdl 32]} Re7 36. a7 {Precision: White = 79%, Black = 31%.} 1-0

[Event "20th Dubai Open 2018"]
[Site "Dubai"]
[Date "2018.04.09"]
[Round "8"]
[White "Ghaem Maghami, Ehsan"]
[Black "Akopian, Vladimir"]
[Result "1/2-1/2"]
[WhiteElo "2523"]
[BlackElo "2667"]
[Annotator "TA"]
[PlyCount "40"]
[EventDate "2018.??.??"]
[EventType "swiss"]
[EventCountry "UAE"]
[SourceTitle "playchess.com"]
[Source "ChessBase"]
[SourceQuality "1"]

{[%evp 16,40,36,22,46,18,20,16,31,24,32,39,34,20,21,21,24,16,14,17,19,0,8,0,18,0,13]} 1. e4 e6 2. d4 d5 3. exd5 exd5 4. Nf3 Nf6 5. Bg5 Be7 6. Bd3 O-O 7. O-O Bg4 8. Nbd2 Nbd7 {[%cal Bb8d7,Bd7b6,Bb6a4][%mdl 32]} 9. c3 {LiveBook: 72 Games} h6 {C01: French: Exchange Variation} (9... c6 10. Qc2 h6 11. Bf4 Nh5 12. Be5 Nxe5 13. dxe5 Nf4 14. Bh7+ Kh8 15. Bf5 Bxf5 16. Qxf5 Ne6 17. Nd4 Bc5 18. N2b3 Bxd4 19. Nxd4 {½-½ (30) Grischuk,A (2785)-Dominguez Perez,L (2757) Elancourt 2013}) 10. Bxf6 Bxf6 11. Qb3 Nb6 12. Rae1 $146 ({Predecessor:} 12. Ne5 Bxe5 13. dxe5 c5 14. Qc2 Be6 15. Rae1 {½-½ (34) Pecchiari,A (1621)-Brzac,M (1888) Nova Gorica 2011}) 12... Bxf3 13. Nxf3 ({But not} 13. gxf3 $2 Bg5 $19) 13... Re8 14. Rxe8+ Qxe8 15. Re1 Qa4 16. Qxa4 Nxa4 {The position is equal.} 17. Bc2 Nb6 18. Bd3 Na4 19. Bc2 Nb6 20. Bd3 Na4 1/2-1/2

[Event "20th Dubai Open 2018"]
[Site "Dubai"]
[Date "2018.04.09"]
[Round "8"]
[White "Debashis, Das"]
[Black "Khademalsharieh, Sarasadat"]
[Result "1-0"]
[WhiteElo "2518"]
[BlackElo "2424"]
[Annotator "TA"]
[PlyCount "73"]
[EventDate "2018.??.??"]
[EventType "swiss"]
[EventCountry "UAE"]
[SourceTitle "playchess.com"]
[Source "ChessBase"]
[SourceQuality "1"]

{[%evp 18,73,30,29,28,29,22,25,114,94,102,97,102,92,122,116,114,79,109,112,117,106,108,99,103,96,116,106,126,104,102,103,108,66,111,75,68,78,67,73,81,84,104,81,75,83,77,79,77,83,200,125,131,136,714,702,659,649]} 1. d4 Nf6 2. c4 e6 3. Nc3 Bb4 4. Qc2 O-O 5. a3 Bxc3+ 6. Qxc3 Qe8 7. f3 {E32: Nimzo-Indian: Classical (4 Qc2): 4...0-0} d5 8. Bg5 Nbd7 9. e3 h6 10. Bh4 {LiveBook: 6 Games} dxc4 11. Bxc4 Nd5 12. Qd2 f5 $146 (12... c5 $11 {keeps the balance.}) ({Predecessor:} 12... N5b6 13. Ba2 e5 14. Ne2 exd4 15. exd4 {1-0 (63) Nikolov,M (2571)-Pantev,V (2396) Bankia 2011}) 13. Ne2 N7b6 14. Ba2 Bd7 15. O-O Qh5 16. Bg3 Bb5 17. Rfc1 Bxe2 18. Qxe2 c6 19. b4 Rae8 20. Qd2 Qg5 21. Re1 Kh8 22. Rad1 a6 23. Qd3 Nd7 24. Bb1 N7f6 25. Bd6 Rg8 26. Rd2 Rd8 27. Be5 Nd7 28. Bg3 N7f6 29. e4 Nf4 30. Bxf4 Qxf4 31. exf5 exf5 {[#]} 32. g3 $1 {[%cal Rg3f4]} Qc7 33. Qxf5 Rd5 (33... Rge8 $16 {might work better.} 34. Rdd1 Qf7) 34. Re5 Rgd8 {Black wants to play ...Rxe5.} 35. Rde2 {Intending Re8+! and mate.} Qb8 $2 {[%mdl 8192] [#]} (35... Qd7 $16) 36. Qg6 $18 Qc8 37. Bf5 {Precision: White = 60%, Black = 46%.} 1-0

[Event "20th Dubai Open 2018"]
[Site "Dubai"]
[Date "2018.04.09"]
[Round "8"]
[White "Gagare, Shardul"]
[Black "Saravana, Krishnan P"]
[Result "1/2-1/2"]
[WhiteElo "2502"]
[BlackElo "2312"]
[Annotator "TA"]
[PlyCount "60"]
[EventDate "2018.??.??"]
[EventType "swiss"]
[EventCountry "UAE"]
[SourceTitle "playchess.com"]
[Source "ChessBase"]
[SourceQuality "1"]

{[%evp 11,60,32,16,1,31,-25,-19,-13,-22,-24,-4,0,-3,-16,7,0,9,6,20,6,45,38,36,37,29,27,20,19,26,20,9,21,27,16,22,18,11,1,4,0,0,0,15,0,0,-20,-11,-17,0,0,37]} 1. d4 d5 2. c4 c6 3. Nc3 Nf6 4. e3 a6 5. Nf3 Bf5 6. Ne5 {D15: Slav Defence: 4 Nc3 a6 and gambit lines after 4 Nc3 dxc4} (6. Nh4 Bc8 7. b3 e5 8. Nf3 e4 9. Nd2 Bd6 10. c5 Bc7 11. h3 Nbd7 12. b4 Nf8 13. Nb3 h5 {1-0 (59) Cori Tello,J (2660)-Fedoseev,V (2724) chess.com INT 2018}) 6... Nbd7 {LiveBook: 67 Games} 7. Be2 dxc4 8. Nxd7 $146 ({White should try} 8. Nxc4 $14 b5 9. Ne5) ({Find the theoretical novelty and annotate with similar games:} 8. f4 Nxe5 9. fxe5 Nd5 10. O-O e6 11. Bxc4 Be7 12. Bd3 Bxd3 13. Qxd3 O-O {0-1 (27) Freire,D (2032)-Johansen,A (2165) ICCF email 2015}) 8... Qxd7 $11 9. Bxc4 e6 10. O-O Be7 11. Qe2 Bg6 12. Rd1 O-O 13. e4 b5 14. Bb3 Rfd8 15. f3 Qc7 16. Be3 c5 17. dxc5 Bxc5 18. Qf2 Bxe3 19. Qxe3 Qe5 20. Rd2 Rxd2 21. Qxd2 Qc5+ 22. Qf2 Qc7 {The position is equal.} 23. Rd1 Nd7 {[%cal Bf6d7,Bd7c5,Bc5d3][%mdl 32]} 24. Qd4 Nc5 25. Qd6 Qxd6 26. Rxd6 Rc8 27. Ne2 Kf8 28. Nd4 Ke7 29. e5 $1 Nd3 {[#] ( -> ...Rc1+)} ({Don't play} 29... Nxb3 30. axb3 a5 31. Nc6+ Kf8 32. Nxa5 $14) 30. h4 Nc5 {Precision: White = 56%, Black = 52%.} 1/2-1/2

[Event "20th Dubai Open 2018"]
[Site "Dubai"]
[Date "2018.04.09"]
[Round "8"]
[White "Christiansen, Johan-Sebastian"]
[Black "Pranav Vijay"]
[Result "1/2-1/2"]
[WhiteElo "2498"]
[BlackElo "2265"]
[Annotator "TA"]
[PlyCount "79"]
[EventDate "2018.??.??"]
[EventType "swiss"]
[EventCountry "UAE"]
[SourceTitle "playchess.com"]
[Source "ChessBase"]
[SourceQuality "1"]

{[%evp 13,79,7,5,15,0,0,12,37,34,38,21,-40,47,57,53,26,37,31,0,0,0,39,45,32,29,0,0,0,0,0,0,0,0,0,52,43,31,28,48,-91,-78,-66,-79,-91,-35,-42,0,0,15,10,12,0,0,0,0,0,0,0,0,0,0,0,0,0,0,0,0,0]} 1. e4 e5 2. Nc3 Nf6 3. f4 d5 4. fxe5 Nxe4 5. Qf3 Nxc3 6. bxc3 c5 {C29: Vienna Game: 2...Nf6 3 f4} 7. Bb5+ Nc6 {LiveBook: 4 Games} 8. Qg3 Be6 $146 ({Predecessor:} 8... Qb6 9. Rb1 Be6 10. Nf3 O-O-O 11. Rb2 h6 12. O-O Qc7 13. Bxc6 Qxc6 14. d3 {0-1 (40) Dubov,D (2683)-Tomashevsky,E (2713) St Petersburg 2017}) 9. Ne2 Qc7 10. O-O O-O-O 11. d4 Ne7 {Threatens to win with ...a6.} 12. Nf4 (12. Bg5 $11) 12... c4 (12... Nf5 $1 $15 13. Qh3 cxd4) 13. Nxe6 $14 fxe6 14. Qh3 Nf5 15. Rb1 {[#] Rxf5 is the strong threat.} Be7 16. Rxf5 $1 exf5 17. Qxf5+ Kb8 18. Ba6 $36 {[%mdl 2048] White has good play.} b6 $1 19. a4 (19. Qe6 $5 {[%cal Ra2a4]}) 19... Qc6 {White must now prevent ...Rhf8.} 20. Qf7 Qxa4 21. Bg5 $1 {[%cal Rg5e7]} Qxa6 (21... Qxc2 $5 22. Rf1 $8 Rdf8 23. Qxd5 (23. Qxe7 Rxf1+ 24. Kxf1 Qb1+ 25. Kf2 Qa2+ 26. Kg3 Qxa6 $15) 23... Rxf1+ 24. Kxf1 Qb1+ 25. Kf2 Qa2+ 26. Kg3 Qxa6 27. Bxe7 Qb7 $15) 22. Bxe7 Qb7 $1 23. e6 Rde8 (23... Kc8 $11) 24. Bd6+ {[%mdl 1024] White has compensation.} Ka8 25. e7 Qc6 $1 {[%cal Rc6d6]} 26. Qe6 {[#]} (26. Ba3 $14 {stays ahead.}) 26... h5 $1 $17 27. Qe5 Rh6 28. Ba3 Re6 ({Better is} 28... h4 $17 29. Re1 h3) 29. Qxg7 $15 Rf6 30. Re1 {The position is equal.} a5 31. Qg5 Re6 $1 {[%cal Re6e1]} 32. Rf1 Kb7 33. h3 Qd7 34. Qxh5 R8xe7 35. Bxe7 Rxe7 $11 {KQR-KQR} 36. Qg6 Re6 37. Qg8 Re8 38. Qg6 {Strongly threatening Rf6.} Re6 39. Qg8 Re8 40. Qg6 {Precision: White = 61%, Black = 66%.} 1/2-1/2

[Event "20th Dubai Open 2018"]
[Site "Dubai"]
[Date "2018.04.09"]
[Round "8"]
[White "Erigaisi, Arjun"]
[Black "Yilmaz, Mustafa"]
[Result "1/2-1/2"]
[WhiteElo "2481"]
[BlackElo "2626"]
[Annotator "TA"]
[PlyCount "113"]
[EventDate "2018.??.??"]
[EventType "swiss"]
[EventCountry "UAE"]
[SourceTitle "playchess.com"]
[Source "ChessBase"]
[SourceQuality "1"]

{[%evp 19,113,-7,0,0,0,-1,0,0,0,10,10,13,21,8,42,37,38,33,37,37,37,29,54,5,16,0,0,0,0,-3,0,-12,-17,-44,0,-20,-8,-18,0,0,0,-31,-25,-30,-25,-32,-23,-50,-45,-35,-12,-111,0,-75,0,0,0,-8,0,-14,1105,0,0,0,47,-35,0,0,0,0,0,0,0,0,0,0,0,0,0,0,0,0,0,0,39,0,12,12,12,12,12,0,0,0,0,0]} 1. Nf3 c5 2. c4 g6 3. Nc3 Bg7 4. g3 Nc6 5. Bg2 e5 6. O-O Nge7 7. a3 O-O 8. b4 d5 9. cxd5 Nxd5 10. Nxd5 {A37: Symmetrical English vs ...g6: 4 Bg2 Bg7 5 Nf3} (10. Ng5 Nc7 11. Nge4 c4 12. d3 cxd3 13. Bg5 f6 14. Be3 f5 15. Bg5 Qd4 16. Be3 Qd8 17. Bg5 Qd7 {0-1 (49) Aronian,L (2792)-Vachier Lagrave,M (2819) Saint Louis 2016}) 10... Qxd5 {LiveBook: 5 Games} 11. Ng5 {[%cal Bf3g5,Bg5e4,Be4c5][%mdl 32]} Qd4 12. Rb1 cxb4 13. axb4 Nxb4 $146 ({Find the theoretical novelty and annotate with similar games:} 13... Bf5 14. d3 Qd7 15. Ne4 Bxe4 16. Bxe4 Nd4 17. Bb2 Rfd8 {1-0 (30) Savchenko,S (2498)-Vuilleumier,A (2321) Budapest 2013}) 14. d3 a5 15. Ne4 Re8 16. Bd2 Ra6 17. Be3 Qd8 $1 18. Nc5 Ra7 19. Qa4 b6 20. Rxb4 $1 bxc5 21. Bxc5 Bd7 22. Qa3 Bf8 $1 {[%cal Rf8c5]} 23. Bxf8 Rxf8 24. Rbb1 Bg4 25. Rb2 Qc7 26. h3 Bd7 27. Kh2 Rc8 28. Bd5 Qc5 29. Qa2 Be8 30. e3 Kg7 31. Rfb1 a4 32. Rb7 Rc7 33. Rb8 Bc6 34. Bxc6 Qxc6 35. Qb2 (35. Qa3 $11 Rc8 36. R8b2) 35... Ra5 (35... Qc5 $1 $17 36. Ra1 a3) 36. d4 (36. Ra1 $11) 36... Qf6 (36... Qc2 $17 {...a3 is the strong threat.} 37. Kg2 Qxb2 38. R8xb2 exd4 39. exd4 Rc4) 37. dxe5 $11 Qxe5 38. Qb4 $132 {[%mdl 2048] And now Qf8+ would win. White is not keeping still} Qc5 {aiming for ...Qxb4.} 39. Qh4 Qd5 $2 {[%mdl 8192] [#]} (39... Rd7 $11 40. Rh8 Kxh8 41. Qf6+ Kg8 42. Rb8+ Qf8 43. Rxf8+ Kxf8 44. Qh8+ Ke7 45. Qxh7 Rh5) 40. R1b6 $2 ({White has to play} 40. Rh8 $1 $18 {[%cal Rh8h7][%mdl 512]} Qh5 (40... Kxh8 41. Qf6+) 41. Qd4+ Qe5 42. Qd8) 40... Qf3 41. Qd4+ Kh6 (41... f6 $5 {[%cal Rf3f2]} 42. e4 Re5 $11) 42. Rb2 (42. Rf6 $14 Rf5 43. Qh4+ Kg7 44. Rxf5 Qxf5 45. Qd4+ Kh6 46. Kg2) 42... Rc1 {[%csl Gc1][%cal Rf3h1]} 43. Qh4+ Kg7 {[%csl Gc1][%cal Rf3h1]} 44. Qd4+ Kh6 $1 {[%csl Gc1][%cal Rf3h1]} 45. Qh4+ Rh5 {[%csl Gc1][%cal Rf3h1]} 46. Qf4+ Qxf4 47. exf4 {[%mdl 4096] Endgame KRR-KRR} Ra5 48. R2b7 Kg7 $1 {Strongly threatening ...a3.} 49. Rd7 Rc2 {Threatens to win with ...a3.} (49... a3 $5 50. Rbb7 $8 a2 51. Rxf7+ Kg8 52. Rg7+ Kh8 53. Rxh7+ Kg8 54. Rhg7+ Kh8 55. Rh7+ Kg8 56. Rhg7+ Kf8 57. Rgf7+ Kg8 58. Rg7+ $11) 50. Rbb7 Rf5 ({Don't play} 50... Rxf2+ $6 51. Kg1 $16) 51. Kg2 g5 52. Rd4 a3 {The position is equal.} 53. Ra7 a2 {White should prevent ...gxf4.} 54. Rda4 gxf4 {White must now prevent ...f3+.} 55. Rxa2 Rxa2 56. Rxa2 fxg3 57. fxg3 {Precision: White = 47%, Black = 53%.} 1/2-1/2

[Event "20th Dubai Open 2018"]
[Site "Dubai"]
[Date "2018.04.09"]
[Round "8"]
[White "Karthikeyan, P."]
[Black "Sekar, B."]
[Result "1-0"]
[WhiteElo "2481"]
[BlackElo "2298"]
[Annotator "TA"]
[PlyCount "82"]
[EventDate "2018.??.??"]
[EventType "swiss"]
[EventCountry "UAE"]
[SourceTitle "playchess.com"]
[Source "ChessBase"]
[SourceQuality "1"]

{[%evp 19,82,0,36,34,55,44,50,43,30,29,70,65,99,65,95,87,64,74,123,126,128,126,124,133,125,122,144,135,150,147,157,150,155,141,146,131,181,183,166,162,162,162,162,160,206,206,206,165,206,201,205,191,253,212,219,219,254,258,301,294,29994,206,29995,29996,29999]} 1. e4 c5 2. Nf3 d6 3. d4 cxd4 4. Nxd4 Nf6 5. Nc3 a6 6. h4 {B90: Sicilian Najdorf: Unusual White 6th moves, 6 Be3 Ng4 and 6 Be3 e5} (6. f3 e5 7. Nb3 Be6 8. Be3 Be7 9. Qd2 Nbd7 10. g4 O-O 11. g5 Nh5 12. O-O-O b5 13. Nd5 Bxd5 14. exd5 f6 15. gxf6 Bxf6 16. Kb1 Nf4 17. Rg1 Kh8 18. Bd3 Bg5 19. Na5 Bh6 20. Nc6 Qh4 21. Qb4 {½-½ (49) Caruana,F (2784)-Mamedyarov,S (2809) Berlin 2018}) 6... e5 7. Nb3 Be6 8. f4 exf4 9. Bxf4 Nc6 10. Qd2 Be7 {LiveBook: 4 Games} 11. O-O-O Ne5 12. Nd4 O-O 13. Nxe6 $146 ({Predecessor:} 13. Nf5 Bxf5 14. exf5 {1-0 (40) Nihal,S (2483)-Thilakarathne,G (2053) Douglas 2017}) 13... fxe6 14. g3 Nfd7 15. Bh3 Rf6 16. Rhf1 Nf8 17. Ne2 Qc7 18. Nd4 (18. Kb1 {keeps more tension.} Nc4 19. Qc3 Rc8 20. Nd4 b5 21. Rg1) 18... Kh8 19. Bxe5 dxe5 20. Rxf6 Bxf6 21. Nxe6 Nxe6 22. Bxe6 Rd8 23. Bd5 Be7 24. Rf1 Rf8 25. Rxf8+ Bxf8 26. Qf2 {[%cal Rf2f8] [#]} Bc5 27. Qf5 b6 28. Qe6 {[%csl Gd5][%cal Re6g8]} Qb8 29. a3 Bf2 30. Qg4 Qf8 31. Kb1 Bc5 32. Qe6 Qb8 33. Qf5 Bd6 34. g4 {[%cal Bg3g4,Bg4g5,Bg5g6][%mdl 32]} Qf8 35. Qe6 g6 (35... Qf1+ $142 36. Ka2 Qf8) 36. g5 Qd8 37. Ka2 a5 38. Bc4 Kg7 39. h5 gxh5 $2 (39... b5 $18) 40. Qh6+ Kh8 {[#]} 41. g6 $1 {[%csl Gg6][%cal Rh6h7]} Qe8 {Precision: White = 88%, Black = 33%.} 1-0